00711nam a2200193Ia 4500008004100000020001800041082001600059100001600075245007200091250000700163260005500170300002300225500002900248600002700277650005000304942000700354952013900361999001700500240925s9999 xx 000 0 und d a9781537010953 a005.133 STA aStark, Adam 0aPython for Beginners: The comprehensive guide to python programming aNA aUnited States:bMcgraw Hill Companies Inc.c,2016. a826p.b0fOriginal aInclude Table of Content aEngineering Technology aComputer science, information & general works cBK 001040708ETaUITUbUITUd2018-11-05eBook World Internationalg1450.70l0o005.133 STApQ11929r2024-09-25 07:16:15w2024-09-25yBK c14428d14428